Statistics for 20 World Capitals Likely to be Closest to Random Point on Land

Click here to take the quiz!

General Stats

  • This quiz has been taken 71 times
  • The average score is 10 of 20

Answer Stats

%Capital% Correct
1.4%Moscow
80%
1.4%Beijing
78%
3.1%Mexico City
77%
7.0%Ottawa
77%
3.2%Brasília
75%
1.5%Washington
75%
3.4%Canberra
71%
5.4%Ulaanbaatar
63%
3.2%Astana
60%
1.4%Tokyo
60%
1.4%Santiago
48%
2.9%Wellington
45%
1.3%Khartoum
37%
1.6%N'Djamena
34%
1.2%Niamey
32%
2.2%Reykjavík
25%
2.6%Cape Town
22%
1.2%Pyongyang
20%
2.4%Dili
15%
1.3%Port Moresby
14%

Score Distribution

Percentile by Number Answered

Percent of People with Each Score

Your Score History

You have not taken this quiz